000 00630cam a2200229 a 4500
020 _a9781597180818
020 _a1597180815
040 _cDLC
082 _a310 STA 2011 A107 Or.
245 0 0 _aStata graphics reference manual :
_brelease 12.
246 1 4 _aStata release 12 : graphics
246 1 8 _aStata 12 graphics
260 _aCollege Station, Tex. :
_bStataCorp LP,
_cc2011.
300 _av, 665 p. :
_bill. ;
_c24 cm.
500 _a"A Stata Press Publication."
650 0 _aStatistics
650 0 _aStatistics
650 0 _aSocial sciences
650 0 _aSocial sciences
710 2 _aStataCorp LP.
942 _cEK
999 _c16578
_d16578